Basics of Qualitative Research : techniques and procedures for developing grounded theory (Record no. 223)
[ view plain ]
| 000 -LEADER | |
|---|---|
| fixed length control field | 00401 a2200121 4500 |
| 020 ## - INTERNATIONAL STANDARD BOOK NUMBER | |
| International Standard Book Number | 0803959397 |
| 082 ## - DEWEY DECIMAL CLASSIFICATION NUMBER | |
| Classification number | 300.72 STR |
| 100 ## - MAIN ENTRY--PERSONAL NAME | |
| Personal name | Strauss, Anselm |
| 245 ## - TITLE STATEMENT | |
| Title | Basics of Qualitative Research : techniques and procedures for developing grounded theory |
| Statement of responsibility, etc. | Anselm Strauss |
| 250 ## - EDITION STATEMENT | |
| Edition statement | 2nd ed. |
| 260 ## - PUBLICATION, DISTRIBUTION, ETC. | |
| Place of publication, distribution, etc. | London : New Delhi |
| Name of publisher, distributor, etc. | Sage publications |
| Date of publication, distribution, etc. | 1998 |
| 300 ## - PHYSICAL DESCRIPTION | |
| Extent | xiii, 312p. : |
| Dimensions | 25 cm |
| 650 ## - SUBJECT ADDED ENTRY--TOPICAL TERM | |
| Topical term or geographic name entry element | Basics of QualitativeResearch |
| Withdrawn status | Lost status | Damaged status | Not for loan | Permanent Location | Current Location | Shelving location | Date acquired | Total Checkouts | Full call number | Barcode | Date last seen | Price effective from | Koha item type |
|---|---|---|---|---|---|---|---|---|---|---|---|---|---|
| School of Civil and Environmental Engineering (SCEE) | School of Civil and Environmental Engineering (SCEE) | 300.72 STR | NIT- 03625 | 01/05/2017 | 01/05/2017 | Book |
